同名を回避した市 - Statistics

General Stats
  • This quiz has been taken 856 times
  • The average score is 20 of 26
Answer Stats
先発の市 後発の市 % Correct
久留米市(福岡県) 東久留米市(東京都)
91%
郡山市(福島県) 大和郡山市(奈良県)
91%
広島市(広島県) 北広島市(北海道)
90%
鹿島市(佐賀県) 鹿嶋市(茨城県)
88%
狭山市(埼玉県) 大阪狭山市(大阪府)
86%
三好市(徳島県) みよし市(愛知県)
86%
若松市(現北九州市、福岡県) 会津若松市(福島県)
86%
佐野市(栃木県) 泉佐野市(大阪府)
84%
村山市(山形県) 東村山市(東京都)
83%
田辺市(和歌山県) 京田辺市(京都府)
82%
加茂市(新潟県) 美濃加茂市(岐阜県)
80%
宮古市(岩手県) 宮古島市(沖縄県)
80%
松山市(愛媛県) 東松山市(埼玉県)
79%
長野市(長野県) 河内長野市(大阪府)
78%
長岡市(新潟県) 長岡京市(京都府)
76%
大和市(神奈川県) 東大和市(東京都)
74%
旭市(千葉県) 尾張旭市(愛知県)
72%
大津市(滋賀県) 泉大津市(大阪府)
70%
清水市(現静岡市、静岡県) 土佐清水市(高知県)
66%
高田市(現上越市、新潟県) 大和高田市(奈良県)
66%
大野市(福井県) 豊後大野市(大分県)
65%
高田市(現上越市、新潟県) 豊後高田市(大分県)
65%
八幡市(現北九州市、福岡県) 近江八幡市(滋賀県)
61%
高田市(現上越市、新潟県) 陸前高田市(岩手県)
57%
太田市(群馬県) 常陸太田市(茨城県)
55%
大野市(福井県) 大野城市(福岡県)
52%
No matching quizzes found
Score Distribution
Percent of People with Each Score
Percentile by Number Answered
Your Score History
You have not taken this quiz